Szegedi ifjúsági napok Július 22-23-24 /

Elmentve itt :
Bibliográfiai részletek
Szerző: Czakó János
Dokumentumtípus: Cikk
Megjelent: 1988-07-14
Sorozat:Délmagyarország 78 No. 167
Online Access:http://dmarchiv.bibl.u-szeged.hu/113673
LEADER 00433nab a2200145 i 4500
001 delm113673
005 20190919141547.0
008 190919s1988 hu o 0|| hun d
040 |a SZTE Délmagyarország Archívum  |b hun 
041 |a hun 
100 1 |a Czakó János 
245 1 0 |a Szegedi ifjúsági napok   |h [elektronikus dokumentum] :  |b Július 22-23-24 /  |c  Czakó János 
260 |c 1988-07-14 
300 |a 1 
490 0 |a Délmagyarország  |v 78 No. 167